000 00360nam a2200133Ia 4500
008 231017s9999 xx 000 0 und d
082 _a388.4
082 _bAEC
245 0 _aTCRP Report 86 : Public Transportation Security Volume 10: Hazard and Security Plan Workshop: Instructor Guide
245 0 _cTRB
260 _bTRB
300 _c30cm
942 _cREP
999 _c604112
_d604112